| 000 | 01033nac a22002771u 4500 | ||
|---|---|---|---|
| 010 | _a 2005052270 | ||
| 020 | _a0072977183 | ||
| 020 | _a0073256439 | ||
| 020 | _a9780072977189 | ||
| 035 | _a(OCoLC)ocm61204475 | ||
| 082 | 0 | 0 |
_a621.31924 _bALE |
| 090 |
_c5540 _d5540 |
||
| 100 | _aAlexander, Charles K. | ||
| 245 | 1 | 0 |
_aFundamentals of electric circuits / _cCharles K. Alexander, Matthew N.O. Sadiku. |
| 250 | _a3rd ed. | ||
| 260 |
_aBoston : _bMcGraw-Hill Higher Education,2007 _cc2007. |
||
| 300 |
_axxviii, 901, [117] p. : _bill. ; _c27 cm. |
||
| 500 | _adistributer: Al-Ahram | ||
| 504 | _aIncludes bibliographical references and index. | ||
| 511 | _acatalogued by: wessam | ||
| 650 | 0 | _aElectric circuits. | |
| 700 | 1 | _aSadiku, Matthew N. O. | |
| 856 | 4 | 2 |
_3Publisher description _uhttp://www.loc.gov/catdir/enhancements/fy0668/2005052270-d.html |
| 856 | 4 | 2 |
_3Table of contents only _uhttp://www.loc.gov/catdir/enhancements/fy0668/2005052270-t.html |
| 942 |
_cNB _k621.31924ALE |
||
| 999 |
_c5540 _d5540 |
||